Ako veľmi sa nás netýka finančný podvod?

Typy najčastejšej hospodárskej kriminality, ktorej čelia firmy v Európe. Korupcia, krádež hotovosti a podvodné výkazníctvo. Rozsah problému a dopad na zisk. Devastujúci dopad podvodu.

Salvato in:
Dettagli Bibliografici
Autore principale: Kačeriak, Viliam
Natura: Capitolo di libro
Lingua:slovacco
Soggetti:
Tags: Aggiungi Tag
Nessun Tag, puoi essere il primo ad aggiungerne!!

MARC

LEADER 00000naa a2200000 4500
001 0148049
005 20231006124600.5
041 0 |a slo 
044 |a SK 
245 1 0 |a Ako veľmi sa nás netýka finančný podvod?  |c Viliam Kačeriak 
520 |a Typy najčastejšej hospodárskej kriminality, ktorej čelia firmy v Európe. Korupcia, krádež hotovosti a podvodné výkazníctvo. Rozsah problému a dopad na zisk. Devastujúci dopad podvodu. 
610 2 0 |a Európa 
610 2 0 |a kriminalita hospodárska 
610 2 0 |a podvody 
610 2 0 |a krádeže 
610 2 0 |a špekulácie 
610 2 0 |a činnosť trestná 
100 1 |a Kačeriak, Viliam